Eastern Utah Libraries Catalog: Duchesne, Heber, Roosevelt, & Vernal

Rabbit moon : (Record no. 406701)

MARC details
000 -LEADER
fixed length control field 02190nam a2200409 i 4500
001 - CONTROL NUMBER
control field in902956742
003 - CONTROL NUMBER IDENTIFIER
control field Ingram
005 - DATE AND TIME OF LATEST TRANSACTION
control field 20250521113100.0
008 - FIXED-LENGTH DATA ELEMENTS--GENERAL INFORMATION
fixed length control field 250328t20252025nyu 000 1 eng d
020 ## - INTERNATIONAL STANDARD BOOK NUMBER
International Standard Book Number 9780316577137
Qualifying information (hbk.)
035 ## - SYSTEM CONTROL NUMBER
System control number (OCoLC)1492826347
040 ## - CATALOGING SOURCE
Original cataloging agency TnLvILS
Language of cataloging eng
Description conventions rda
Transcribing agency TnLvILS
043 ## - GEOGRAPHIC AREA CODE
Geographic area code a-cc---
050 #4 - LIBRARY OF CONGRESS CALL NUMBER
Classification number PS3608.A544
Item number R33 2025
082 04 - DEWEY DECIMAL CLASSIFICATION NUMBER
Classification number 813/.6
Edition number 23/eng/20250328
092 ## - LOCALLY ASSIGNED DEWEY CALL NUMBER (OCLC)
Classification number fiction
Item number Haigh, Jennifer
100 1# - MAIN ENTRY--PERSONAL NAME
Personal name Haigh, Jennifer,
Dates associated with a name 1968-
Relator term author.
9 (RLIN) 50321
245 10 - TITLE STATEMENT
Title Rabbit moon :
Remainder of title a novel /
Statement of responsibility, etc Jennifer Haigh.
250 ## - EDITION STATEMENT
Edition statement First edition.
264 #1 - Production, Publication, Distribution, Manufacture, and Copyright Notice.
Place of production, publication, distribution, manufacture New York, NY :
Name of producer, publisher, distributor, manufacturer Little Brown and Company,
Date of production, publication, distribution, manufacture, or copyr 2025.
264 #4 - Production, Publication, Distribution, Manufacture, and Copyright Notice.
Date of production, publication, distribution, manufacture, or copyr 2025
300 ## - PHYSICAL DESCRIPTION
Extent 277 pages ;
Dimensions 25 cm
336 ## - Content Type
Content type term text
337 ## - Media type
Media type term unmediated
338 ## - Carrier type
Carrier type term volume
520 ## - SUMMARY, ETC.
Summary, etc "Four years after their bitter divorce, Claire and Aaron Litvak get a phone call no parent is prepared for: their 22-year-old daughter Lindsey, teaching English in China during a college gap year, has been critically injured in a hit and run accident. At a Shanghai hospital they wait at her bedside, hoping for the best and preparing for the worst. The accident unearths a deeper fissure in the family: the shocking event that ended the Litvaks' marriage and turned Lindsey against them. Estranged from her parents, she has confided only in her younger sister, Grace, adopted as an infant from China. As Claire and Aaron struggle to get their bearings in bustling, cosmopolitan Shanghai, the newly prosperous "miracle city," they face troubling questions about Lindsey's life there, in which nothing is quite as it seems."--Provided by publisher.
650 #0 - SUBJECT ADDED ENTRY--TOPICAL TERM
Topical term or geographic name as entry element English teachers
Geographic subdivision China
-- Shanghai
Form subdivision Fiction.
9 (RLIN) 6542738
650 #0 - SUBJECT ADDED ENTRY--TOPICAL TERM
Topical term or geographic name as entry element Traffic accidents
Form subdivision Fiction.
9 (RLIN) 5683253
650 #0 - SUBJECT ADDED ENTRY--TOPICAL TERM
Topical term or geographic name as entry element Children of divorced parents
Form subdivision Fiction.
9 (RLIN) 5771272
650 #0 - SUBJECT ADDED ENTRY--TOPICAL TERM
Topical term or geographic name as entry element Estranged families
Form subdivision -Fiction.
9 (RLIN) 6438239
650 #0 - SUBJECT ADDED ENTRY--TOPICAL TERM
Topical term or geographic name as entry element Sisters
Form subdivision Fiction.
9 (RLIN) 5674091
650 #0 - SUBJECT ADDED ENTRY--TOPICAL TERM
Topical term or geographic name as entry element Secrecy
Form subdivision Fiction.
9 (RLIN) 5674238
651 #0 - SUBJECT ADDED ENTRY--GEOGRAPHIC NAME
Geographic name Shanghai (China)
Form subdivision Fiction.
9 (RLIN) 5787309
655 #7 - INDEX TERM--GENRE/FORM
Genre/form data or focus term Psychological fiction.
Source of term lcgft
9 (RLIN) 5673631
655 #7 - INDEX TERM--GENRE/FORM
Genre/form data or focus term Thrillers (Fiction)
Source of term lcgft
942 ## - ADDED ENTRY ELEMENTS (KOHA)
Source of classification or shelving scheme Dewey Decimal Classification
Koha item type BOOK
Holdings
Withdrawn status Lost status Source of classification or shelving scheme Damaged status Not for loan Collection code Home library Current library Shelving location Date acquired Source of acquisition Total Checkouts Total Renewals Full call number Barcode Date last seen Date checked out Cost, replacement price Price effective from Koha item type
    Dewey Decimal Classification     Fiction Wasatch County Library Wasatch County Library First Floor 05/21/2025   6 2 F Haigh 34301002115725 09/15/2025 08/16/2025 29.00 05/21/2025 BOOK
This project was made possible through a grant from the Institute of Museum and Library Service administered by the Utah State Library Division.

Wasatch County Library

  • 465 East 1200 South, Heber City, Utah 84032
  • Phone 435-654-1511 | Fax 435-654-6456

Hours

  • Monday - Friday 9:30 AM - 8:00 PM
  • Saturday 9:30 AM - 1:30 PM
  • Closed Sundays and Holidays